01444nam a2200337 a 4500001001000000003000500010005001700015008004100032010001100073011001100084040000900095090001000104100004000114245015700154260004100311500006000352502007100412590004000483590004000523590004000563650003800603650003500641650004200676856007000718901000700788942001000795942000600805999001900811952013600830952014000966000112513CHAP20220329144310.0160607s2016 mx a fsm |||||||spa d a108974 a109946 cCHAP aTesis1 aPeña Rodríguez, Aarón913084410aPronóstico de caudales medios diarios con redes neuronales artificiales en el río Turbio, Guanajuato/h[En línea]cpor Aarón Peña Rodríguez. aChapingo, Méx. :bEl autor,c2016. aPara ver el contenido del material haga clic en la liga aTesis (Ing. en Irrigación) -- UACH. Departamento de Irrigación aE6096MTMb05c20160607lUCH01h1459 aE6096MTMb05c20160607lUCH01h1500 aE6096MTMb05c20160608lUCH01h110514aInundacioneszGuanajuato.913005514aModelos neurológicos.97642014aRedes neuronales artificiales.995387 aFinding aiduhttp://10.13.5.2/tesis/sist112513.pdfzTeclea aquí aBK cTESIS n0 c108974d108974 00104054718TESISaBCbBCd2016-06-08fTESISl0oTesisp33724002522545r2019-12-31 00:00:00w2019-12-31yTESISzRecien adquirido 00102local4053708TESISaBCbBCcPA_TESISd2016-06-08fTESISl0oTesisp33724002522587r2019-12-31 00:00:00tc.2w2019-12-31yTESIS